| 000 | 00601nam a22002057c 4500 | ||
|---|---|---|---|
| 001 | 000030530 | ||
| 003 | RuMoIPM | ||
| 005 | 20260512105605.0 | ||
| 008 | 240214b1966 ru ||||| |||| 00| 0 rus d | ||
| 035 | _a(RuMoBEN) 002226132 | ||
| 040 |
_aRuMoBEN _brus _ercr |
||
| 041 | _arus | ||
| 044 | _aru | ||
| 080 | _a51(07) | ||
| 100 | _aСивашинский, Израиль Хаимович | ||
| 245 |
_aЗадачник по элементарной математике _cИ. Х. Сивашинский |
||
| 260 |
_aМосква _bНаука _c1966 |
||
| 300 |
_a511, [1] с. _bил. |
||
| 942 | _cBK | ||
| 999 |
_c30530 _d30530 |
||